Mariano Marcos State University

University Library System

Concerns of residents near municipal dumpsites in selected towns of Ilocos Norte (Record no. 9748)

MARC details
000 -LEADER
fixed length control field 00595nam a22001697a 4500
003 - CONTROL NUMBER IDENTIFIER
control field OSt
005 - DATE AND TIME OF LATEST TRANSACTION
control field 20171010095518.0
008 - FIXED-LENGTH DATA ELEMENTS--GENERAL INFORMATION
fixed length control field 120815t xxu||||| |||| 00| 0 eng d
040 ## - CATALOGING SOURCE
Original cataloging agency MMSU
Transcribing agency ULS
100 ## - MAIN ENTRY--PERSONAL NAME
Personal name Franco, Evelyn A.
9 (RLIN) 12179
245 ## - TITLE STATEMENT
Title Concerns of residents near municipal dumpsites in selected towns of Ilocos Norte
Statement of responsibility, etc. Evelyn A. Franco
260 ## - PUBLICATION, DISTRIBUTION, ETC.
Date of publication, distribution, etc. 2000
300 ## - PHYSICAL DESCRIPTION
Extent xvii, 145 leaves
Dimensions 28 cm.
500 ## - GENERAL NOTE
General note Thesis (MA Nursing-Medical Surgical Nursing) -- Mariano Marcos State University-Graduate School, Laoag City
504 ## - BIBLIOGRAPHY, ETC. NOTE
Bibliography, etc. note Bibliography: leaves 118-120
942 ## - ADDED ENTRY ELEMENTS (KOHA)
Source of classification or shelving scheme
Koha item type Thesis/Dissertation
Holdings
Withdrawn status Lost status Source of classification or shelving scheme Damaged status Not for loan Home library Current library Date acquired Total Checkouts Barcode Date last seen Price effective from Koha item type Public note
          REF REF 08/15/2012   229-Gr 10/10/2017 10/10/2017 Thesis/Dissertation Library Use only

© 2023 Mariano Marcos State University. All Rights Reserved.

Powered by Koha